000 00652nam a2200193 i 4500
001 79271
003 ES-MaACL
005 20230906173937.0
007 t|
008 041020s1932 sp ||||1| spa d
100 1 _aHerman, Arthur.
_962732
245 1 0 _aMetternich
_b: la novela de los grandes hombres /
_cArthur Herman ; versión española de Miguel Pereyra.
260 _aMadrid :
_bBolaños y Aguilar,
_c1932 (
_fTalleres Gráficos)
300 _a376 p. ;
_c20 cm.
600 1 4 _aMetternich, Clemens Wenzel Lothar
_cFürst von (
_d1773-1859)
_980737
700 0 _aPereyra, Miguel.
_990543
852 _aES-MaACL
_jA-4641
852 _aES-MaACL
_jA-789
999 _c79271
_d79271